| 000 | 00596cam a22002052 4500 | ||
|---|---|---|---|
| 001 | 0000011911 | ||
| 005 | 20151217154413.0 | ||
| 008 | 090120s xx 000 0 eng d | ||
| 020 | _a0273704140 | ||
| 040 |
_aKABU _cKABU |
||
| 050 | 0 |
_aHD58.8 _b.C37 2007 |
|
| 100 | 1 |
_aCarnall, Colin A. _@0000150842 |
|
| 245 | 1 | 0 | _aManaging change in organization. |
| 260 |
_aNew York : _bPrentice Hall, _c2007. |
||
| 300 | _axvi, 336 p. | ||
| 650 | 0 |
_aOrganizational change _xManagement. _@0000150843 |
|
| 852 | 1 | _9p4100 KES | |
| 908 | _a090120 | ||
| 950 | _@1 | ||
| 999 |
_c11056 _d11056 |
||